Spell the Marvel Character #211 - Statistics

General Stats
  • This quiz has been taken 11 times
  • The average score is 4 of 5
Answer Stats
Picture Answer % Correct
Luke Cage
100%
Thor
100%
Old Lace
91%
Jolt
82%
Jack Flag
64%
No matching quizzes found
Score Distribution
Percent of People with Each Score
Percentile by Number Answered
Your Score History
You have not taken this quiz